Normal view
MARC view
- CRAGG,DAN
Entry Personal Name
001 - CONTROL NUMBER
- control field: 132275
003 - CONTROL NUMBER IDENTIFIER
- control field: NUST
005 - DATE AND TIME OF LATEST TRANSACTION
- control field: 20251215150540.0
008 - FIXED-LENGTH DATA ELEMENTS
- fixed length control field: 251215|| aca||aabn | a|a d
040 ## - CATALOGING SOURCE
- Original cataloging agency: NUST
- Transcribing agency: NUST
100 ## - HEADING--PERSONAL NAME
- Personal name: CRAGG,DAN
670 ## - SOURCE DATA FOUND
- Source citation: Work cat.: (NUST): CRAGG,DAN., THE ARMY TIMES GENERALS IN MUDDY BOOTS A CONCISE ENCYCLOPEDIA OF COMBAT COMMANDERS /, 1996.
